LeBron sunshines - Statistics

General Stats
  • This quiz has been taken 305 times
    291 since last reset
  • The average score is 25 of 66
Answer Stats
Picture Answer % Correct
LeBron
77%
LeMinion
66%
LeVillager
66%
LeFortnite
64%
LeLEGO
64%
LeItalian
63%
LeMexican
62%
LeSanta
61%
Le80s
60%
LePirate
60%
LeSpongebob
60%
LeAlvin
59%
LeBlueberry
59%
LeGerman
59%
LePharaoh
59%
LeBear
58%
LeCowboy
58%
LeKid
58%
LeRussia
57%
LeAngel
56%
LeBomboclat
55%
LeNerd
54%
LeBollywood
53%
LeMetal
53%
LeOld
53%
LeIrish
52%
LeViking
52%
LeDrawing
51%
LeDJ
50%
LeBrock
46%
LeAfrica
45%
LeCaseoh
44%
LeBrazil
43%
LeBlox
41%
LeEvil
40%
LeArab
39%
LeChurch
38%
LeHawaii
37%
LeChinese
35%
LeSafari
33%
LeDune
31%
LePoor
31%
LeAnime
30%
LeTurkish
28%
LeDrill
27%
LeAlbania
26%
LePoland
26%
LeJazz
22%
LeSenpai
21%
LeKpop
18%
LeAlien
12%
LeDominican
12%
LeRap
12%
LeOpera
10%
LeHiphop
9%
LeComics
8%
LeSouthAfrica
7%
LeVintage
7%
LeBarbie
6%
LeFunk
6%
LePhonk
6%
LeRave
6%
LeBalkan
4%
LePhilippines
4%
LeBoney M
3%
Lemotional
3%
No matching quizzes found
Score Distribution
Percent of People with Each Score
Percentile by Number Answered
Your Score History
You have not taken this quiz since the last reset